Quota Formula Review : Data Update and Issues.

At the conclusion of the 14th General Review of Quotas (14th Review), the Board of Governors requested that a comprehensive review of the quota formula be completed by the Executive Board by January 2013. The timetable for completing the 15th General Review was also brought forward by two years to J...

詳細記述

書誌詳細
団体著者: International Monetary Fund
フォーマット: 雑誌
言語:English
出版事項: Washington, D.C. : International Monetary Fund, 2011.
シリーズ:Policy Papers; Policy Paper ; No. 2011/063
オンライン・アクセス:Full text available on IMF
LEADER 01663cas a2200241 a 4500
001 AALejournalIMF020192
008 230101c9999 xx r poo 0 0eng d
020 |c 5.00 USD 
020 |z 9781498338585 
022 |a 2663-3493 
040 |a BD-DhAAL  |c BD-DhAAL 
110 2 |a International Monetary Fund. 
245 1 0 |a Quota Formula Review :   |b Data Update and Issues. 
264 1 |a Washington, D.C. :  |b International Monetary Fund,  |c 2011. 
300 |a 1 online resource (28 pages) 
490 1 |a Policy Papers 
500 |a <strong>Off-Campus Access:</strong> No User ID or Password Required 
500 |a <strong>On-Campus Access:</strong> No User ID or Password Required 
506 |a Electronic access restricted to authorized BRAC University faculty, staff and students 
520 3 |a At the conclusion of the 14th General Review of Quotas (14th Review), the Board of Governors requested that a comprehensive review of the quota formula be completed by the Executive Board by January 2013. The timetable for completing the 15th General Review was also brought forward by two years to January 2014. This paper is intended to serve as background for an initial informal exchange of views on issues relating to the formula review. It begins with a brief stock-take, before presenting the results of updating the quota database through 2009. The remainder of the paper discusses potential issues that could be considered as part of the review. 
538 |a Mode of access: Internet 
830 0 |a Policy Papers; Policy Paper ;  |v No. 2011/063 
856 4 0 |z Full text available on IMF  |u http://elibrary.imf.org/view/journals/007/2011/063/007.2011.issue-063-en.xml  |z IMF e-Library